000 00522nam a2200169Ia 4500
003 GCL
008 140319s9999 xx 000 0 ara d
040 _aGCL /
_cGCL
082 0 4 _a820.9
_bى م
100 1 _aهيثم على حجازى
245 1 0 _aموجز تاريخ الادب الامريكى /
_cهيثم على حجازى
700 1 _aهاى، بيتر
300 _a310 ص
490 _aدراسات نقدية عالمية
_v0
650 0 4 _aالادب الامريكى - تاريخ ونقد
942 _2ddc
_cBK
999 _c44368
_d44368